| 000 | 00407nam a2200145Ia 4500 | ||
|---|---|---|---|
| 008 | 230917s9999||||xx |||||||||||||| ||und|| | ||
| 040 |
_e217559 _aMAIN |
||
| 041 | _aEnglish | ||
| 082 | _a954.5 M474H | ||
| 100 | _aMehta, H R | ||
| 245 | 0 | _aHistory of the growth and development of western education in the Punjab 1846-1884 | |
| 260 |
_aNew Delhi _bNirmal Publishers _c1987 |
||
| 300 | _a96 p. | ||
| 942 | _cBK | ||
| 999 |
_c78554 _d78554 |
||